00420nam a2200145Ia 4500008004100000041000900041082001700050100001700067245001900084260004400103300000800147650000800155999001700163952009400180230718s9999 xx 000 0 und d aEng. a34305bJON-P aJones, Hugh  0aPublisharg law aPakistanbOxford university pressc1996 a299 aLaw c28599d28599 00104070aSIRC-LbSIRC-Ld2023-07-18l0o34305 JON-Pp23550r2023-07-18w2023-07-18yBK